Welcome to CU Library Online Public Access Catalogue (OPAC)

The mutual gains enterprise : (Record no. 4377)

MARC details
000 -LEADER
fixed length control field 00753pam a2200205 a 4500
001 - CONTROL NUMBER
control field 3958867
005 - DATE AND TIME OF LATEST TRANSACTION
control field 20250226163500.0
008 - FIXED-LENGTH DATA ELEMENTS--GENERAL INFORMATION
fixed length control field 940203s1994 maua b 001 0 eng
020 ## - INTERNATIONAL STANDARD BOOK NUMBER
International Standard Book Number 0875843948 (acidfree paper) :
Terms of availability $27.95
050 00 - LIBRARY OF CONGRESS CALL NUMBER
Classification number HF5549.2.U5
Item number K63 1994
082 00 - DEWEY DECIMAL CLASSIFICATION NUMBER
Classification number 658.3
Edition information 20
100 1# - MAIN ENTRY--PERSONAL NAME
Personal name Kochan, Thomas A.
245 14 - TITLE STATEMENT
Title The mutual gains enterprise :
Remainder of title forging a winning partnership among labor, management, and government /
Statement of responsibility, etc. Thomas A. Kochan, Paul Osterman.
260 ## - PUBLICATION, DISTRIBUTION, ETC.
Place of publication, distribution, etc. Boston :
Name of publisher, distributor, etc. Harvard Business School Press,
Date of publication, distribution, etc. c1994.
300 ## - PHYSICAL DESCRIPTION
Extent x, 260 p. :
Other physical details ill. ;
Dimensions 24 cm.
650 #0 - SUBJECT ADDED ENTRY--TOPICAL TERM
Topical term or geographic name entry element Personnel management
General subdivision Government policy
Geographic subdivision United States.
650 #0 - SUBJECT ADDED ENTRY--TOPICAL TERM
Topical term or geographic name entry element Industrial relations
Geographic subdivision United States.
700 1# - ADDED ENTRY--PERSONAL NAME
Personal name Osterman, Paul.
942 ## - ADDED ENTRY ELEMENTS (KOHA)
Source of classification or shelving scheme Library of Congress Classification
Koha item type Books
Suppress in OPAC No
999 ## -
-- 4377
-- 4377
Holdings
Withdrawn status Lost status Source of classification or shelving scheme Damaged status Not for loan Collection Home library Current library Shelving location Date acquired Total checkouts Full call number Barcode Date last seen Copy number Price effective from Koha item type
    Library of Congress Classification     Non-fiction Undergraduate Library (Christ Temple) Undergraduate Library (Christ Temple) General stacks 02/26/2025   HF5549.2.U5 KOC ulct00001405 02/26/2025 1 02/26/2025 Books
© 2023-2024 Copyright: Central University Libraries. All Rights Reserved | Created by: Mahone Tech Office